000 00261nam a22001097a 4500
008 170112b xxu||||| |||| 00| 0 eng d
020 _a0893035912
041 _aeng
080 _24TH
_a618.2
245 _aBEING A NURSING ASSISTANT
_cSCHNIEDMAN, R
942 _2udc
_cBK
999 _c2758
_d2758